000 00759nam a2200217 a 4500
005 20251128063948.0
008 030306s1999 es r 000 0 spa d
020 _a8487682359
035 _aUPN01000122603
049 _aCG
050 4 _aLA912
_bC3.6
100 1 _aCalero, Jorge
245 1 0 _aPolítica educativa y gasto público en educación :
_baspectos teóricos y una aplicación al caso español /
_cJorge Calero, Xavier Bonal ; dir. Miguel A. Pereyra.
260 _aBarcelona, Esp. :
_bPomares-Corredor,
_c1999.
300 _a234 p.
650 4 _aEDUCACION -
_xFINANZAS -
_zESPAÑA
_915846
650 4 _aEducación y Estado
_zEspaña
_913514
700 1 _aBonal Sarró, Xavier
_ecoaut.
_931116
700 1 _aPereyra, Miguel A.,
_edir.
905 _aLibro
999 _c94788
_d94788